|
|
|
|
| LEADER |
00000nam0a2200000 4500 |
| 001 |
159776 |
| 005 |
20231101222134.0 |
| 010 |
|
|
|a 9785911342760
|
| 035 |
|
|
|a (RuTPU)RU\TPU\book\173290
|
| 090 |
|
|
|a 159776
|
| 100 |
|
|
|a 20090514d2009 m y0rusy50 ca
|
| 101 |
0 |
|
|a rus
|
| 102 |
|
|
|a RU
|
| 105 |
|
|
|a a j 001zy
|
| 200 |
1 |
|
|a Цены и ценообразование
|e учебное пособие
|f Б. И. Герасимов, О. В. Воронкова
|
| 210 |
|
|
|a Москва
|c Форум
|d 2009
|
| 215 |
|
|
|a 208 с.
|c ил.
|
| 225 |
1 |
|
|a Профессиональное образование
|
| 320 |
|
|
|a Библиогр.: с. 203-205.
|
| 320 |
|
|
|a Глоссарий: с. 190-202.
|
| 330 |
|
|
|a Учебное пособие посвящено основам экономической категории цены и процессов ценообразования в Российской Федерации и за рубежом. В пособии последовательно рассматриваются современные проблемы состояния функционирования и технологии ценообразования, связанные с повышением качества продукции, товаров и услуг. Текст учебного пособия снабжен заданиями для самостоятельной работы, ситуационными задачами, списком рекомендованной литературы.
|
| 606 |
1 |
|
|a Цена и ценообразование
|2 stltpush
|3 (RuTPU)RU\TPU\subj\18111
|9 43632
|
| 610 |
1 |
|
|a ценовая политика
|
| 610 |
1 |
|
|a рыночная экономика
|
| 610 |
1 |
|
|a государственное регулирование
|
| 610 |
1 |
|
|a уровень цен
|
| 610 |
1 |
|
|a спрос
|
| 610 |
1 |
|
|a стратегии
|
| 610 |
1 |
|
|a методология
|
| 610 |
1 |
|
|a формирование
|
| 610 |
1 |
|
|a динамика
|
| 610 |
1 |
|
|a инфляция
|
| 610 |
1 |
|
|a международная экономика
|
| 610 |
1 |
|
|a внешняя торговля
|
| 610 |
1 |
|
|a задачи
|
| 610 |
1 |
|
|a учебные пособия
|
| 686 |
|
|
|a У9(2)0-861я73
|v LBC/SL-A
|2 rubbk
|
| 700 |
|
1 |
|a Герасимов
|b Б. И.
|g Борис Иванович
|
| 701 |
|
1 |
|a Воронкова
|b О. В.
|g Ольга Васильевна
|
| 801 |
|
1 |
|a RU
|b 63413507
|c 20090514
|g PSBO
|
| 801 |
|
2 |
|a RU
|b 63413507
|c 20150825
|g PSBO
|
| 942 |
|
|
|c BK
|
| 959 |
|
|
|a 58/20090508
|d 7
|e 125,90
|f ЧЗГЛ:1
|f АНЛ:1
|f УФ:5
|